000 00576nam a22002177a 4500
003 UA-OsUOA
001 134278
007 ta
008 20181126b un ||||| |||| 00| 0 ukr d
100 _aТкаченко Н. Б.
090 _a330(477)
_bТ48
942 _cSA
040 _aUA-OsUOA
_bukr
_cUA-OsUOA
_dUA-OsUOA
245 _aТрансформація публічних закупівель в Україні
300 _aС.123-139
955 _a0
041 _aukr
080 _a330(477)
773 0 _w134268
650 7 _a330 Економіка взагалі
_2UDC
999 _c423163
_d423163